THIS forest land of ours

Bibliographic Details
Format: Book
Published: (Sweden) : Korsnas-Marma AB , 1986
Subjects:

MARC

LEADER 00000cam a2200000 7i4500
001 0000001885
005 20020323.0
020 0 0 |a 9178105544 
090 0 0 |a 577.3   |b THI 1986 
245 0 0 |a THIS forest land of ours 
260 0 0 |a (Sweden) :   |b Korsnas-Marma AB ,   |c 1986 
300 |a 99 p. :   |b col. photos ;   |c 27 cm. 
650 0 0 |a Forests and forestry   |x Pictorial works 
998 |a JPSM 
999 |a 0000003243   |b Monograph   |c Open Shelf   |e Default branch